Women who have sex with women in the global HIV pandemic (Record no. 82748)

000 -LEADER
fixed length control field 00402pab a2200169 454500
008 - FIXED-LENGTH DATA ELEMENTS--GENERAL INFORMATION
fixed length control field 180718b2009 xxu||||| |||| 00| 0 eng d
100 ## - MAIN ENTRY--PERSONAL NAME
Personal name Lenke, Karin
245 ## - TITLE STATEMENT
Title Women who have sex with women in the global HIV pandemic
260 ## - PUBLICATION, DISTRIBUTION, ETC.
Date of publication, distribution, etc. 2009
300 ## - PHYSICAL DESCRIPTION
Extent p.91-94.
362 ## - DATES OF PUBLICATION AND/OR SEQUENTIAL DESIGNATION
Dates of publication and/or sequential designation Mar
650 ## - SUBJECT ADDED ENTRY--TOPICAL TERM
Topical term or geographic name entry element Homophobia
700 ## - ADDED ENTRY--PERSONAL NAME
Personal name Piehl, Mathilda
773 ## - HOST ITEM ENTRY
Main entry heading Development
908 ## - PUT COMMAND PARAMETER (RLIN)
Put command parameter N
909 ## -
-- 82748
Holdings
Withdrawn status Lost status Damaged status Not for loan Permanent Location Current Location Date acquired Serial Enumeration / chronology Barcode Date last seen Price effective from Koha item type
        Indian Institute of Public Administration Indian Institute of Public Administration 2018-07-19 Volume no: 52, Issue no: 1 AR83208 2018-07-19 2018-07-19 Articles

Powered by Koha